000 00241nam a2200097Ia 4500
008 231212s2000 xx 000 0 und d
041 _aeng
100 _aDesai S.M.
245 _aIntrumentation & Control System
260 _aPune
_bTechnov
_c2000
999 _c967747
_d967747